[Special Karte der Markgrafschaft Maehren und des Herzogthums Schlesien Astronomisch trigonometrisch vermessen, topographisch aufgenommen, reduzirt, gezeichnet und gestochen. Nro. XX, Blatt zur Übersicht der Special Karte der Markgrafschaft Mähren und des Herzogthums Schlesien /

Korporativní autor: Rakousko-Uhersko. Militärgeographisches Institut
Další autoři: Enthoffer, J. 1818-1901
Jazyk: Němčina
Vydáno: [Wien : Von dem K. K. Militaerischen Geographischen Institute in Wien herausgegeben, 1869]
Vydání: Ausg. 1869
Témata:
Fyzický popis: 1 mapa : ocelorytina ; 27 x 39,5cm, na listu 40 x 54 cm
Mapy
Uloženo v:
LEADER 02534nem a2200481 a 4500
001 mzk03001179010
003 CZ BrMZK
005 20130826090933.0
007 aj|aanzn
008 090519s1869 au d||||||a|||r|0|||ger|d
034 1 |a a  |b 144000  |d E0151416  |e E0190817  |f N0502920  |g N0484009 
040 |a BOA001  |b cze  |d BOE950 
043 |a e-xr---  |a e-xr-mr  |a e-xr-sl 
072 7 |a 912  |x Mapy. Atlasy. Glóby  |2 Konspekt  |9 7 
080 |a 025.171  |2 MRF 
080 |a (437.32)  |2 MRF 
080 |a (437.33)  |2 MRF 
080 |a (084.3)  |2 MRF 
110 1 |a Rakousko-Uhersko.  |b Militärgeographisches Institut  |7 kn20060405003 
245 1 0 |a [Special Karte der Markgrafschaft Maehren und des Herzogthums Schlesien  |h [kartografický dokument] :  |b Astronomisch trigonometrisch vermessen, topographisch aufgenommen, reduzirt, gezeichnet und gestochen.  |n Nro. XX,  |p Blatt zur Übersicht der Special Karte der Markgrafschaft Mähren und des Herzogthums Schlesien /  |c Von dem K. K. Militaerischen Geographischen Institute in Wien herausgegeben im Jahre 1844. Berichtiget im Jahre 1866] ; Enhoffer sculp. 
246 3 0 |a Blatt zur Übersicht der Special Karte der Markgrafschaft Mähren und des Herzogthums Schlesien  |h [kartografický dokument] 
250 |a Ausg. 1869 
255 |a Měřítko [ca 1:144 000]  |c (015°14´16" v.d.--019°08´17" v.d./050°29´20" s.š.--048°40´09" s.š.) 
260 |a [Wien :  |b Von dem K. K. Militaerischen Geographischen Institute in Wien herausgegeben,  |c 1869] 
300 |a 1 mapa :  |b ocelorytina ;  |c 27 x 39,5cm, na listu 40 x 54 cm 
500 |a Výzdoba: Mapa kladu listů, grafické měřítko, vysvětlivky, nad rámcem název a číslo mapového listu 
561 |a Provenience: [stará signatura] 19.17. 
561 |a Provenience: [m.p.] M 19 
510 4 |a Roubík, F. Soupis map českých zemí,  |c II, 1491 
650 0 7 |a historické knihovní fondy  |7 ph172933  |2 czenas 
655 7 |a mapy  |7 fd132800  |2 czenas 
651 7 |a Morava (Česko)  |7 ge130070  |2 czenas 
651 7 |a Slezsko (Česko)  |7 ge138041  |2 czenas 
700 1 |a Enthoffer, J.  |q (Joseph),  |d 1818-1901  |7 mzk2008464094  |4 egr 
776 0 |g Mapa je součástí souboru  |t Special-Karte Der Markgrafschaft Maehren Mit Den Antheilen Des Herzogthums Schlesien 
910 |e BOE950  |c R - CCCCLXVI (I.I.b) 
978 |b Militärgeographisches Institut  |a Wien  |c 1869 
984 |a Vídeň  |b Rakousko 
985 |a 1851-1900 
990 |a MP 
996 |e BOE950  |c R - CCCCLXVI (I.I.b) 
991 |k rajhrad 
980 |c 290851  |g R - CCCCLXVI (I.I.b)  |d 20090519  |t 5  |1 328100290851  |z KR